Experimentálne metódy jadrovej fyziky : Návody na cvičenia

Salvato in:
Dettagli Bibliografici
Autori principali: Hozza, Viktor (Autore), Lipka, Jozef, 1940- (Autore)
Natura: Libro
Lingua:slovacco
Pubblicazione: Bratislava : SVŠT v Bratislave EF, 1976
Tags: Aggiungi Tag
Nessun Tag, puoi essere il primo ad aggiungerne!!

MARC

LEADER 00000nam a22000003a 4500
001 stu222739
005 20150617230034.2
008 110318s1981----cs------------------slo-d
040 |a STU  |b slo 
041 0 |a slo 
044 |a cs 
100 1 |a Hozza, Viktor  |4 aut 
245 1 |a Experimentálne metódy jadrovej fyziky :  |b Návody na cvičenia 
260 |a Bratislava :  |b SVŠT v Bratislave EF,  |c 1976 
300 |a 207 s 
700 1 |a Lipka, Jozef,  |d 1940-  |4 aut  |u E060  |U FEI Fakulta elektrotechniky a informatiky  |T FEI Ústav jadrového a fyzikálneho inžinierstva  |X 3677  |U E060  |Y 817  |7 A000003677 
996 |b E38696  |c E*38696  |l EE01  |s A  |a 24  |w stu222739_0001